[Event "Guillermo Garcia Mem"]
[Site "Santa Clara CUB"]
[Date "2008.05.24"]
[Round "6"]
[White "Glud,J"]
[Black "Cordova,Em"]
[Result "1-0"]
[WhiteElo "2456"]
[BlackElo "2518"]

1.d4 Nf6 2.c4 e6 3.Nf3 b6 4.g3 Ba6 5.Nbd2 Bb4 6.Qc2 Bb7 7.Bg2 Be4 8.Qb3 Bxd2+
9.Bxd2 O-O 10.O-O d6 11.Rfd1 Nbd7 12.Rac1 Qe7 13.Qa3 a5 14.Be3 Rfb8 15.Ne5 Bxg2
16.Kxg2 Qe8 17.Nc6 Rb7 18.f3 b5 19.Bf2 b4 20.Qd3 Nb6 21.d5 exd5 22.cxd5 Nbxd5
23.Rc4 Nb6 24.Rc2 Na4 25.Qb3 Nc5 26.Bxc5 dxc5 27.Rcd2 Qxc6 28.Rd8+ Rxd8 29.Rxd8+ Ne8
30.Qd5 Qb5 31.Qxb7 Qxe2+ 32.Kh3 Qe6+ 33.g4 h5 34.Qe4 hxg4+ 35.Kg3 Qxe4 36.fxe4 Kf8
37.Kxg4 Ke7 38.Ra8 Nd6 39.Kf4 Kd7 40.Rxa5 Nc4 41.Rxc5 Nxb2 42.Ke3 Na4 43.Ra5 Nc3
44.Kd3 Kd6 45.e5+ Ke6 46.Kc4 Ne4 47.Kxb4 c5+ 48.Rxc5 Nxc5 49.Kxc5 Kxe5 50.a4 Ke6
51.Kc6  1-0

[Event "Guillermo Garcia Mem"]
[Site "Santa Clara CUB"]
[Date "2008.05.26"]
[Round "8"]
[White "Hernandez Carmenates,Hold"]
[Black "Cordova,Em"]
[Result "1-0"]
[WhiteElo "2568"]
[BlackElo "2518"]

1.Nf3 Nf6 2.c4 e6 3.g3 b6 4.d4 Ba6 5.Qa4 c6 6.Nc3 Be7 7.Bg2 O-O 8.O-O d5
9.cxd5 cxd5 10.Bf4 Qd7 11.Qb3 Nc6 12.Ne5 Nxe5 13.dxe5 Nh5 14.Be3 g6 15.Rfd1 Rac8
16.Bd4 Bc4 17.Qc2 f5 18.exf6 Bxf6 19.Bxf6 Nxf6 20.Qd2 Qe7 21.Qg5 Rc5 22.Qh4 Kh8
23.Rac1 g5 24.Qd4 e5 25.Qd2 d4 26.Ne4 Nxe4 27.Bxe4 Bxa2 28.b4 Rxc1 29.Rxc1 Be6
30.Rc6 Qf7 31.f3 Bd5 32.Bxd5 Qxd5 33.Rc7 h6 34.Rxa7 Rf7 35.Qa2 Qxa2 36.Rxa2 d3
37.Kg2 Rd7 38.exd3 Rxd3 39.Ra8+ Kg7 40.Rb8 Rd6 41.Kf2 Kf6 42.Ke3 Ke6 43.b5 Kd5
44.Rc8 Ke6 45.Rc1 Kf5 46.Rc4 Kf6 47.h4 gxh4 48.Rxh4 Kg5 49.Ke4 h5 50.Kxe5 Rd3
51.f4+ Kg6 52.g4 hxg4 53.Rxg4+ Kf7 54.Rg5 Rd1 55.Rf5+  1-0

[Event "XXVII Open"]
[Site "Zalakarosi HUN"]
[Date "2008.05.27"]
[Round "6"]
[White "Wang Puchen"]
[Black "Szabo,Ben"]
[Result "1-0"]
[WhiteElo "2397"]
[BlackElo "2216"]

1.d4 Nf6 2.c4 e6 3.Nf3 b6 4.g3 Ba6 5.Qc2 Bb7 6.Bg2 c5 7.d5 exd5 8.cxd5 Nxd5
9.O-O Be7 10.Rd1 Nc6 11.a3 Nf6 12.e4 O-O 13.e5 Ne8 14.Nc3 Nc7 15.Be3 Ne6
16.Rd2 Qc8 17.Rad1 Rd8 18.h4 Bf8 19.h5 h6 20.Qa4 a6 21.Nd5 Ncd4 22.Nxd4 cxd4
23.Bxd4 b5 24.Qb3 Bc5 25.Rc2 Bxd5 26.Qxd5 d6 27.exd6 Rxd6 28.Qxa8 Qxa8 29.Bxa8 Bxd4
30.Kg2 f5 31.Rc6 Rxc6 32.Bxc6  1-0

[Event "ch-URU"]
[Site "Montevideo URU"]
[Date "2008.06.01"]
[Round "3"]
[White "Gonzalez,Na"]
[Black "Larrea,M"]
[Result "0-1"]
[WhiteElo "2120"]
[BlackElo "2342"]

1.d4 Nf6 2.c4 e6 3.Nf3 b6 4.g3 Ba6 5.b3 Bb4+ 6.Bd2 Be7 7.Bc3 d5 8.cxd5 exd5
9.Bg2 Ne4 10.Bb2 O-O 11.O-O Nd7 12.Nc3 Ndf6 13.Ne5 Qd6 14.Rc1 Nxc3 15.Rxc3 c5
16.Ba3 Rac8 17.Nd3 Ne4 18.Rc2 Rfd8 19.Qc1 Bxd3 20.exd3 Ng5 21.dxc5 bxc5 22.d4 Ne6
23.Bh3 Nxd4 24.Bxc8 Nxc2 25.Bf5 Nxa3 26.Qxa3 g6 27.Bd3 Rd7 28.Qa4 Bf6 29.Re1 Bd4
30.Qa6 Qxa6 31.Re8+ Kg7 32.Bxa6 Rd6 33.Bb7 c4 34.bxc4 dxc4 35.Rc8 c3 36.Rc4 Be5
37.f4 Bf6 38.Be4 Rd2 39.g4 h6 40.a4 Bd4+ 41.Kf1 h5 42.h3 hxg4 43.hxg4 Bb6
44.f5 Ba5 45.fxg6 fxg6 46.Rc6 g5 47.Rc4 Kf6 48.Bf5 Rd5 49.Ke2 Ke5 50.Ke3 Bb6+
51.Ke2 Rd2+ 52.Ke1 Bd4 53.Rc8 Kf4 54.Kf1 Kf3 55.Ke1 Bf2+  0-1

[Event "XVI Lasker Mem Open A"]
[Site "Barlinek POL"]
[Date "2008.06.04"]
[Round "5"]
[White "Bronowicki,M"]
[Black "Radovanovic,J"]
[Result "1-0"]
[WhiteElo "2307"]
[BlackElo "2349"]

1.d4 Nf6 2.c4 e6 3.Nf3 b6 4.g3 Ba6 5.Qa4 Bb7 6.Bg2 c5 7.dxc5 Bxc5 8.O-O O-O
9.Nc3 Nc6 10.Rd1 Rc8 11.Bg5 Be7 12.Nd4 Na5 13.Bxf6 Bxf6 14.Bxb7 Rxc4 15.Nxe6 fxe6
16.Qxd7 Qxd7 17.Rxd7 Rb4 18.Bf3 Rf7 19.Rad1 Rxb2 20.Ne4 Rxa2 21.Bg4 Re7 22.Rxe7 Ra1
23.Rd7 Nc6 24.Kg2 Kf8 25.Bxe6  1-0

[Event "TCh-BIH"]
[Site "Neum BIH"]
[Date "2008.06.04"]
[Round "1"]
[White "Genov,Peta"]
[Black "Markus,Rob"]
[Result "1/2-1/2"]
[WhiteElo "2474"]
[BlackElo "2557"]

1.d4 Nf6 2.c4 e6 3.Nf3 b6 4.g3 Ba6 5.b3 Bb7 6.Bg2 Bb4+ 7.Bd2 a5 8.O-O O-O
9.Qc2 h6 10.Bc3 d5 11.Ne5 Na6 12.a3 Bd6 13.Nd2  1/2-1/2

[Event "FSGM June"]
[Site "Budapest HUN"]
[Date "2008.06.07"]
[Round "1"]
[White "Wang Puchen"]
[Black "Macak,S"]
[Result "1-0"]
[WhiteElo "2397"]
[BlackElo "2342"]

1.d4 Nf6 2.c4 e6 3.Nf3 b6 4.g3 Ba6 5.Qc2 Bb4+ 6.Bd2 Qe7 7.Bg2 Bb7 8.O-O Be4
9.Qb3 a5 10.a3 Bxd2 11.Nbxd2 a4 12.Qc3 Bb7 13.Qc2 d6 14.e4 O-O 15.Rfe1 Nfd7
16.Nb1 e5 17.Nc3 exd4 18.Nxd4 Nc5 19.Rad1 Re8 20.Nd5 Bxd5 21.cxd5 Nbd7 22.f4 f6
23.Nb5 Nf8 24.e5 fxe5 25.fxe5 Qd7 26.Qc4 Ng6 27.e6 Qe7 28.Nd4 Rf8 29.Nc6 Qf6
30.Qe2 Qg5 31.e7 Rfe8 32.Be4 Nf4 33.Qf3 Nh5 34.Bc2 Nf6 35.Rd4 Kh8 36.Rf4 Ncd7
37.Rf5 Qd2 38.Re2 Qc1+ 39.Kg2 Qxb2 40.g4 Qc1 41.g5 Ng8 42.h4 Ne5 43.Rfxe5 dxe5
44.Qf5  1-0

[Event "115th ch-SCO"]
[Site "Glasgow SCO"]
[Date "2008.06.08"]
[Round "4"]
[White "Vedrickas,T"]
[Black "Markos,J"]
[Result "1/2-1/2"]
[WhiteElo "2298"]
[BlackElo "2565"]

1.d4 Nf6 2.c4 e6 3.Nf3 b6 4.g3 Ba6 5.Qc2 Bb4+ 6.Bd2 Bxd2+ 7.Nbxd2 c5 8.Bg2 Nc6
9.e3 O-O 10.O-O Qe7 11.Rfd1 Rac8 12.Qa4 Bb7 13.a3 Rc7 14.dxc5 Qxc5 15.b4 Qh5
16.Rac1 Rfc8 17.Qb3 h6 18.Qb2 Ne7 19.Nd4 Bxg2 20.Kxg2 a6 21.N4f3 Qf5 22.Qd4 d5
23.Qxb6 dxc4 24.Rxc4 Nfd5 25.Qd4 Rxc4 26.Nxc4 Qc2 27.Nd6 Rc6 28.Rd2 Qc1 29.Rd1 Qxa3
30.Nxf7 Nf5 31.Qe4 Qa2 32.Rd2 Qc4  1/2-1/2

[Event "FSGM June"]
[Site "Budapest HUN"]
[Date "2008.06.13"]
[Round "7"]
[White "Bui Vinh"]
[Black "Liu Qingnan"]
[Result "1/2-1/2"]
[WhiteElo "2448"]
[BlackElo "2344"]

1.d4 e6 2.c4 Nf6 3.Nf3 b6 4.g3 Ba6 5.Qb3 d5 6.cxd5 Qxd5 7.Qc2 Nc6 8.Nc3 Nb4
9.Qa4+ Qd7 10.Qd1 c5 11.a3 Nc6 12.Bg2 O-O-O 13.Qa4 Na5 14.Qxd7+ Nxd7 15.dxc5 Nb3
16.Rb1 Bxc5 17.O-O f6 18.Nd2 Nxd2 19.Bxd2 Ne5 20.Bf4 Nc4 21.b4 Bd6 22.Bxd6 Nxd6
23.Rfc1 Kb8 24.b5  1/2-1/2

[Event "FSGM June"]
[Site "Budapest HUN"]
[Date "2008.06.18"]
[Round "12"]
[White "Wang Puchen"]
[Black "Sethuraman,S"]
[Result "1/2-1/2"]
[WhiteElo "2397"]
[BlackElo "2425"]

1.d4 Nf6 2.c4 e6 3.Nf3 b6 4.g3 Ba6 5.Qc2 Bb7 6.Bg2 c5 7.d5 exd5 8.cxd5 Nxd5
9.O-O Be7 10.Rd1 Qc8 11.Qf5 Nf6 12.Nc3 Nc6 13.Bg5 d5 14.Qf4 d4 15.Bxf6 Bxf6
16.Nd5 Bd8 17.e3 Ne7 18.Nxe7 Bxe7 19.exd4 O-O 20.dxc5 bxc5 21.Rac1 a5 22.b3 Ra6
23.Ne5 Bxg2 24.Kxg2 a4 25.Qc4 axb3 26.axb3 Bd6 27.Nd7 Re8 28.Nxc5 Bxc5 29.Qxc5 Qb7+
30.Qd5 Qxd5+ 31.Rxd5 Rb6 32.Rc3 g6 33.Rd7 g5 34.Rf3 Rf8 35.g4 Kg7 36.h3 Kg6
37.Rfd3 f6 38.R7d6 Rxd6 39.Rxd6 Rb8 40.Rd3 h5 41.Kf1 Rb6 42.Ke2 f5 43.gxh5+ Kxh5
44.Kd2 Kh4 45.Rf3 f4 46.Kc3 Rf6 47.b4 g4 48.hxg4 Kxg4 49.Rd3 f3 50.Rd8 Rc6+
51.Kb3 Rc1 52.Rd2 Rb1+ 53.Kc4 Rc1+ 54.Kd4 Rb1 55.Kc3 Rc1+ 56.Kd4 Rb1 57.Kc5 Rc1+
58.Kb6 Re1 59.b5  1/2-1/2

[Event "Open"]
[Site "Teplice CZE"]
[Date "2008.06.18"]
[Round "5"]
[White "Horak,Ji1"]
[Black "Spirin,O"]
[Result "1-0"]
[WhiteElo "2205"]
[BlackElo "2430"]

1.d4 Nf6 2.Nf3 e6 3.c4 b6 4.g3 Ba6 5.Nbd2 Bb7 6.Bg2 c5 7.dxc5 bxc5 8.O-O Be7
9.Re1 d6 10.e4 Nbd7 11.h3 Qc7 12.b3 O-O 13.Bb2 Rfd8 14.Qc2 Bc6 15.Re2 Qb7
16.Bc3 a5 17.a3 Ne8 18.Ne1 Bf6 19.Rb1 Bxc3 20.Qxc3 Qc7 21.Nc2 Bb7 22.Kh2 Ne5
23.f4 Nc6 24.Rf2 Rab8 25.Ne3 Ba8 26.f5 Ne5 27.Ng4 Nxg4+ 28.hxg4 Nf6 29.Kh3 d5
30.exd5 exd5 31.cxd5 Nxd5 32.Bxd5 Rxd5 33.Re1 Qd7 34.Ne4 h6 35.Nxc5 Qd6 36.Ne4 Qd7
37.b4 axb4 38.axb4 Rd1 39.Rfe2 Rxe1 40.Qxe1 h5 41.Nc5 hxg4+ 42.Kxg4 Qd4+
43.Kh3 Bc6 44.Qf2 Qd1 45.Qe1 Qd5 46.Re5 Qf3 47.Ne4 f6 48.Re7 Qxf5+ 49.Kh2 Qh5+
50.Kg1 Rd8 51.Nxf6+ gxf6 52.Qe6+  1-0

[Event "XXVI Balatoni Sakkfesztival GM"]
[Site "Balatonlelle HUN"]
[Date "2008.06.19"]
[Round "7"]
[White "Seres,L"]
[Black "Sammalvuo,T"]
[Result "1-0"]
[WhiteElo "2449"]
[BlackElo "2458"]

1.Nf3 Nf6 2.c4 e6 3.d4 b6 4.g3 Ba6 5.Qa4 Be7 6.Nc3 c6 7.Bf4 Qc8 8.e4 d6 9.e5 dxe5
10.Nxe5 O-O 11.Bg2 Bb7 12.O-O c5 13.d5 exd5 14.cxd5 a6 15.Nc6 Bxc6 16.dxc6 Ra7
17.Nb5 Nxc6 18.Nxa7 Nxa7 19.Rfe1 Bd8 20.Bd6 b5 21.Qc2  1-0

[Event "XXVI Balatoni Sakkfesztival IM"]
[Site "Balatonlelle HUN"]
[Date "2008.06.19"]
[Round "7"]
[White "Szabo,Zso2"]
[Black "Grover,S"]
[Result "1-0"]
[WhiteElo "2445"]
[BlackElo "2300"]

1.d4 Nf6 2.c4 e6 3.Nf3 b6 4.g3 Ba6 5.b3 Bb4+ 6.Bd2 Be7 7.Bg2 c6 8.Bc3 d5
9.Nbd2 Nbd7 10.O-O O-O 11.Re1 Rc8 12.e4 dxe4 13.Nxe4 c5 14.dxc5 Nxc5 15.Qxd8 Rfxd8
16.Nxf6+ Bxf6 17.Bxf6 gxf6 18.Red1 Bb7 19.Ne1 Bxg2 20.Nxg2 Ne4 21.Kf1 b5
22.Ne3 b4 23.Ke1 Nc3 24.Rxd8+ Rxd8 25.a3 bxa3 26.Rxa3 Rb8 27.b4 Ne4 28.f3 Ng5
29.Nc2 Rb7 30.h4  1-0

[Event "Open"]
[Site "Teplice CZE"]
[Date "2008.06.21"]
[Round "8"]
[White "Plischki,S"]
[Black "Spirin,O"]
[Result "1/2-1/2"]
[WhiteElo "2378"]
[BlackElo "2430"]

1.d4 Nf6 2.c4 e6 3.Nf3 b6 4.g3 Ba6 5.b3 Bb4+ 6.Bd2 Be7 7.Bg2 c6 8.O-O d5
9.Qc2 Nbd7 10.Rd1 O-O  1/2-1/2

[Event "Serbia Cup"]
[Site "Zlatibor SRB"]
[Date "2008.06.21"]
[Round "6"]
[White "Damljanovic,B"]
[Black "Ostojic,N1"]
[Result "1-0"]
[WhiteElo "2595"]
[BlackElo "2432"]

1.d4 Nf6 2.c4 e6 3.Nf3 b6 4.g3 Ba6 5.b3 b5 6.cxb5 Bxb5 7.Bg2 Bc6 8.O-O a5
9.Bg5 Qc8 10.Bxf6 gxf6 11.Nc3 Bb4 12.Rc1 Bxc3 13.Rxc3 Na6 14.Qd2 Qb7 15.Qh6 Ke7
16.Rxc6 Qxc6 17.Ne5 Qc2 18.Bxa8 Rxa8 19.Ng4 Qg6 20.Qf4 Qg5 21.Qf3 Rg8 22.Ne3 d5
23.Rd1 c5 24.Nc2 cxd4 25.Nxd4 Rc8 26.e3 Qe5 27.Qe2 Qd6 28.Qh5 Nb4 29.Qxh7 Nxa2
30.Qd3 Nb4 31.Qe2 Nc6 32.Qa6 Qd7 33.Rc1 Na7 34.Rxc8 Nxc8 35.Qxa5 e5 36.Qc5+ Nd6
37.Nc6+ Ke6 38.b4 Ne4 39.Qc2 Kd6 40.f3 Ng5 41.Qc5+ Ke6 42.Kg2 Kf5 43.h4 Ne6
44.Ne7+  1-0

[Event "TCh-TUR"]
[Site "Kocaeli TUR"]
[Date "2008.06.24"]
[Round "1"]
[White "Bayram,Y"]
[Black "Banikas,H"]
[Result "1/2-1/2"]
[WhiteElo "2337"]
[BlackElo "2600"]

1.d4 Nf6 2.c4 e6 3.Nf3 b6 4.g3 Ba6 5.b3 b5 6.Bg2 bxc4 7.Ne5 Bb4+ 8.Kf1 c6
9.bxc4 O-O 10.Qa4 Qa5 11.Qxa5 Bxa5 12.Bd2 Bc7 13.Bc3 d5 14.Nd2 Nfd7 15.Nd3 Nb6
16.Nb2 dxc4 17.Rc1 Rd8 18.Bf3 Bb5 19.Kg2 N8d7 20.Ba5 Rac8 21.Ndxc4 Nxc4 22.Nxc4 Bxc4
23.Bxc7 Rxc7 24.Rxc4 Nb6 25.Rxc6 Rxc6 26.Bxc6 Rxd4 27.Rc1 Kf8 28.Rc5 Rc4
29.Rxc4 Nxc4 30.Bb5 Nd6 31.Bd3 e5 32.g4 h6 33.h4 Ke7 34.Kf3 Ke6 35.Be4 Nb5
36.Ke3 Nc3 37.Bc2 Nd5+ 38.Ke4 Nf6+ 39.Kf3 g5 40.hxg5 hxg5 41.Bb3+ Ke7 42.Bc4 e4+
43.Kg3 Nd7 44.Bd5 Nc5 45.f3 exf3 46.Kxf3 f6 47.Ke3 Kd6 48.Kd4 Nd7 49.Be4 Ne5
50.Bf5 Nc6+ 51.Ke4 Nb4 52.a3 Nc2 53.a4 Nb4 54.Kd4 Nd5 55.Be4 Nb6 56.Bc2 Nd7
57.e3 Ne5 58.Bd1 Nc6+ 59.Ke4 Ne7 60.Kd4 Nd5 61.Bb3 Nc7 62.Bc4 Ne8 63.Bf7 Nc7
64.Bc4 Na8 65.Ke4 Nb6 66.Bb3 Nd7 67.Kf5 Ke7 68.Bd1 Nc5 69.Bc2 Kf7 70.Bd1 Nd3
71.Bc2 Nc5 72.Bd1 Nd3 73.Be2 Ne5 74.Bb5 Ke7 75.Be2 Nd7 76.Bd1 Nb6 77.Bb3 Nc8
78.Ke4 Kd6 79.Kf5 Ke7 80.Ke4 Kd6 81.Kf5 Ke7 82.Ke4 Kd6  1/2-1/2

[Event "22th Open"]
[Site "Pula CRO"]
[Date "2008.06.26"]
[Round "7"]
[White "Stokke,K"]
[Black "Petrik,T"]
[Result "1/2-1/2"]
[WhiteElo "2375"]
[BlackElo "2485"]

1.d4 e6 2.Nf3 Nf6 3.c4 b6 4.g3 Ba6 5.b3 Bb4+ 6.Bd2 Be7 7.Bg2 c6 8.Bc3 d5
9.Ne5 Nfd7 10.Nxd7 Nxd7 11.Nd2 O-O 12.O-O Rc8 13.e4 c5 14.exd5 exd5 15.Re1 dxc4
16.Nxc4 cxd4 17.Bxd4 Bxc4 18.bxc4 Bf6 19.Bxf6 Nxf6 20.Qa4 Qc7 21.Rad1 h6
22.Rd2 Rfe8 23.Red1 Re7 24.Qa6 Rce8 25.Bf3 h5 26.h4 Re5 27.Qa4 g6 28.Qc6 Re1+
29.Kg2 Qxc6 30.Bxc6 Rxd1 31.Rxd1 Re2 32.a4 Ng4 33.Rd7 Rxf2+ 34.Kg1 Rf6 35.Bd5 a5
36.Rd8+ Kg7 37.Re8 Rd6 38.Re7 Nh6 39.Kf2 Kf6 40.Rb7 Ke5 41.Kf3 Rf6+ 42.Ke3 Nf5+
43.Kd3 Nxg3 44.Re7+ Kf4 45.Rxf7 Rxf7 46.Bxf7 Ne4 47.Bxg6 Nc5+ 48.Kd4 Kg4
49.Bc2 Kxh4 50.Kd5 Na6 51.Be4 Nc5 52.Bc2 Na6 53.Be4 Nc5 54.Bc2 Na6 55.Bd1 Nb4+
56.Kd6 Kg5 57.Kc7 h4 58.Bf3 Kf4 59.Bh1 Ke5 60.Kxb6 Kd4 61.c5 Kc4 62.Bg2 h3
63.Bxh3 Nd5+ 64.Kc6 Nc3 65.Kb6  1/2-1/2

[Event "IV Open"]
[Site "Sort ESP"]
[Date "2008.06.26"]
[Round "4"]
[White "Gongora Reyes,M"]
[Black "Ibrahimov,R"]
[Result "1/2-1/2"]
[WhiteElo "2422"]
[BlackElo "2535"]

1.d4 Nf6 2.c4 e6 3.Nf3 b6 4.g3 Ba6 5.Qa4 Bb7 6.Bg2 c5 7.O-O Bc6 8.Qd1 cxd4
9.Qxd4 Be7 10.Nc3 a6 11.Rd1 d6 12.b3 Ra7 13.e4 O-O 14.e5 dxe5 15.Qxd8 Rxd8
16.Rxd8+ Bxd8 17.Nxe5 Bxg2 18.Kxg2 Nfd7  1/2-1/2

[Event "XII Izmailov Mem"]
[Site "Tomsk RUS"]
[Date "2008.06.26"]
[Round "2"]
[White "Voinov,A"]
[Black "Katkov,S"]
[Result "1-0"]
[WhiteElo "2439"]
[BlackElo "2242"]

1.d4 Nf6 2.Nf3 e6 3.c4 b6 4.g3 Ba6 5.Qa4 c5 6.Bg2 Bb7 7.dxc5 bxc5 8.O-O Be7
9.Bf4 O-O 10.Rd1 Qb6 11.Qc2 Be4 12.Qc1 Qb7 13.Nc3 Bc6 14.Bd6 Bxd6 15.Rxd6 Rd8
16.b3 Ne8 17.Rd3 d6 18.Qf4 Nd7 19.e4 a5 20.Rb1 Rdb8 21.a4 Ra6 22.Ne1 Ne5
23.Rdd1 Qd7 24.Qd2 Ba8 25.Nb5 Rd8 26.Nc2 Bb7 27.f4 Nc6 28.Ne3 Nb4 29.Re1 Rda8
30.Rbd1 Bc6 31.Nc2 h6 32.Re3 Bxb5 33.axb5 Nxc2 34.Qxc2 e5 35.Red3 Nc7 36.Qd2 Ne6
37.Rxd6 Rxd6 38.Qxd6 Qxd6 39.Rxd6 a4 40.bxa4 Rxa4 41.b6 Rb4 42.fxe5 Kf8 43.Bh3 Ng5
44.Bd7 Nxe4 45.Bb5  1-0

[Event "XII Izmailov Mem"]
[Site "Tomsk RUS"]
[Date "2008.06.27"]
[Round "3"]
[White "Zhumabayev,R"]
[Black "Bocharov,D"]
[Result "0-1"]
[WhiteElo "2442"]
[BlackElo "2569"]

1.d4 Nf6 2.Nf3 e6 3.c4 b6 4.g3 Ba6 5.b3 d5 6.Bg2 dxc4 7.Ne5 Bb4+ 8.Bd2 Qxd4
9.Bxb4 Qxa1 10.Bc3 Qxa2 11.bxc4 Bxc4 12.Nxc4 Qxc4 13.Bxa8 Nbd7 14.O-O O-O
15.Bf3 a5 16.Ba1 e5 17.Nd2 Qe6 18.Ne4 Nxe4 19.Bxe4 Nf6 20.Bg2 c5 21.Qd2 h6
22.Rb1 Rb8 23.Qb2 Qf5 24.Rd1 e4 25.Qe5 Qxe5 26.Bxe5 Rc8 27.Bh3 Ra8 28.Bc7 b5
29.e3 a4 30.Ra1 c4 31.Bd6 Nd5 32.Bf5 Rd8 33.Bc5 Nf6 34.Bd4 Ra8 35.Rb1 Rb8
36.Be5 Rb7 37.Bxf6 gxf6 38.Bxe4 Rb6 39.Ra1 Ra6 40.Kf1 b4  0-1

[Event "TCh-TUR"]
[Site "Kocaeli TUR"]
[Date "2008.06.28"]
[Round "8"]
[White "Chilingirova,P"]
[Black "Khurtsidze,N"]
[Result "0-1"]
[WhiteElo "2213"]
[BlackElo "2413"]

1.d4 Nf6 2.c4 e6 3.Nf3 b6 4.g3 Ba6 5.Qc2 c6 6.Bg2 d5 7.b3 Nbd7 8.O-O Be7
9.Bb2 Rc8 10.Nbd2 c5 11.e3 O-O 12.Ne5 cxd4 13.exd4 dxc4 14.bxc4 Nxe5 15.dxe5 Nd7
16.Rac1 Qc7 17.Qe4 Nc5 18.Qe2 Rfd8 19.Ba3 Nd3 20.Rc3 Nxe5 21.Bxe7 Qxe7 22.Rfc1 Nd7
23.Nf1 Nc5 24.Ra3 Rd4 25.Ne3 Qd6 26.Rxa6 Nxa6 27.Bb7 Qa3 28.Qe1 Rcd8 29.Nc2 Qxc1
30.Na3  0-1

[Event "TCh-TUR"]
[Site "Kocaeli TUR"]
[Date "2008.06.28"]
[Round "9"]
[White "Dogan,A"]
[Black "Cakan,C"]
[Result "1-0"]
[WhiteElo "2027"]
[BlackElo "2037"]

1.d4 Nf6 2.Nf3 e6 3.c4 b6 4.g3 Ba6 5.b3 Bb4+ 6.Bd2 Be7 7.Bg2 c6 8.O-O d5
9.Ne5 Nfd7 10.Nxd7 Nxd7 11.Bc3 O-O 12.Re1 Rc8 13.Nd2 c5 14.cxd5 exd5 15.Rc1 Nf6
16.Nf1 c4 17.Nd2 Ba3 18.Rc2 Qd6 19.bxc4 Bxc4 20.Qb1 Rfe8 21.f3 Re3 22.Kf2 Qe7
23.Nxc4 Rxc4 24.Bd2 Rxc2 25.Qxc2 Re6 26.Bf4 Qb4 27.Rd1 Qb5 28.Rd3 Bb4 29.a3 Bf8
30.Rc3 Qa6 31.Bh3 Re8 32.Be5 Be7 33.Bf5 h6 34.Bd3 Qa5 35.Rc8 Rd8 36.Qc7 Rxc8
37.Qxc8+ Bf8  1-0

[Event "White Nights Open"]
[Site "St Petersburg RUS"]
[Date "2008.06.28"]
[Round "8"]
[White "Sorokina,A RUS"]
[Black "Manina,K"]
[Result "1/2-1/2"]
[WhiteElo "2073"]
[BlackElo "1991"]

1.d4 e6 2.c4 Nf6 3.Nf3 b6 4.g3 Ba6 5.Qc2 Bb7 6.Bg2 Bb4+ 7.Bd2 Be7 8.Nc3 c5
9.dxc5 bxc5 10.O-O O-O 11.Rfd1 d6 12.Bf4 Qb6 13.Na4 Qc7 14.Nc3 Qb6 15.Na4 Qc7
16.Nc3  1/2-1/2

[Event "XII Izmailov Mem"]
[Site "Tomsk RUS"]
[Date "2008.06.28"]
[Round "4"]
[White "Peregudov,N"]
[Black "Katkov,S"]
[Result "1-0"]
[WhiteElo "2402"]
[BlackElo "2242"]

1.d4 Nf6 2.c4 e6 3.Nf3 b6 4.g3 Ba6 5.Qc2 c5 6.Bg2 Bb7 7.dxc5 Bxc5 8.O-O Be7
9.Nc3 d6 10.Rd1 a6 11.Bf4 Qc7 12.Rac1 Nbd7 13.Qd2 Rc8 14.b3 Bxf3 15.Bxf3 Ne5
16.Bg2 O-O 17.h3 Rfd8 18.e4 Ng6 19.Be3 Qb8 20.Qd3 h5 21.Qe2 Bf8 22.Na4 b5
23.Nb6 Rc7 24.cxb5 Rxc1 25.Rxc1 d5 26.exd5 exd5 27.Bd4 axb5 28.h4 Ng4 29.Nxd5 Bd6
30.Qd3 Be5 31.Bc5 Bd6 32.Bb6 Rf8 33.a4 bxa4 34.bxa4 Rc8 35.Rb1 N4e5 36.Qd1 Ne7
37.Bd4  1-0

[Event "Svein Johannessen Mem"]
[Site "Oslo NOR"]
[Date "2008.06.29"]
[Round "4"]
[White "Matthiesen,M"]
[Black "Hammer,J"]
[Result "0-1"]
[WhiteElo "2365"]
[BlackElo "2457"]

1.d4 Nf6 2.c4 e6 3.Nf3 b6 4.g3 Ba6 5.Qa4 Bb7 6.Bg2 c5 7.dxc5 Bxc5 8.O-O O-O
9.Nc3 Be7 10.Bf4 Na6 11.Rfd1 Nc5 12.Qc2 Qc8 13.Rac1 Nce4 14.Nd4 Nxf2 15.Kxf2 e5
16.Bxe5 Ng4+ 17.Kg1 Nxe5 18.Bxb7 Qxb7 19.Nd5 Rae8 20.Qe4 Nc6 21.Qf3 Bc5 22.Kh1 Qb8
23.Nf5 Qe5 24.Nc3 g6 25.Nh6+ Kg7 26.Ng4 Qe6 27.Nd5 Nd4 28.Qf6+ Qxf6 29.Ndxf6 Rxe2
30.b4 h5 31.bxc5 bxc5 32.Nxd7 hxg4 33.Rxd4 cxd4 34.Nxf8 d3  0-1

[Event "Sparkassen Open"]
[Site "Dortmund GER"]
[Date "2008.07.01"]
[Round "2"]
[White "Marquardt,B"]
[Black "Karmann,An"]
[Result "0-1"]
[WhiteElo "2109"]
[BlackElo "1891"]

1.d4 Nf6 2.c4 e6 3.Nf3 b6 4.g3 Ba6 5.b3 Bb4+ 6.Bd2 Be7 7.Bg2 c6 8.O-O O-O
9.Bc3 d5 10.Ne5 Nfd7 11.Nxd7 Nxd7 12.Nd2 Rc8 13.Re1 f5 14.cxd5 cxd5 15.Rc1 Nf6
16.f3 Bd6 17.e4 fxe4 18.fxe4 Ba3 19.Bh3 Bxc1 20.Bxe6+ Kh8 21.Qxc1 Rc6 22.exd5 Nxd5
23.Bxd5 Qxd5 24.Re5 Qxd4+ 25.Bxd4 Rxc1+ 26.Kg2 Rc2 27.Be3 Bf1+ 28.Kg1 Bh3  0-1

[Event "Sparkassen Open"]
[Site "Dortmund GER"]
[Date "2008.07.01"]
[Round "3"]
[White "Skutta,B"]
[Black "Sondermann,D"]
[Result "1-0"]
[WhiteElo "2077"]
[BlackElo "2116"]

1.d4 Nf6 2.Nf3 e6 3.c4 b6 4.g3 Ba6 5.Qc2 Bb4+ 6.Nbd2 Bb7 7.Bg2 Be4 8.Qb3 Bxd2+
9.Bxd2 O-O 10.O-O h6 11.Bb4 d6 12.Rfd1 Nc6 13.Ba3 Na5 14.Qc3 Re8 15.b4 Nc6
16.Bf1 Ne7 17.Nd2 Bb7 18.f3 d5 19.Bg2 dxc4 20.Nxc4 Ned5 21.Qb3 Nd7 22.e4 N5f6
23.Rac1 a6 24.Rd2 Rc8 25.Rcd1 Nb8 26.Bh3 Nfd7 27.Ne3 b5 28.d5 e5 29.Nf5 Nb6
30.d6 cxd6 31.Nxd6 Qe7 32.Bxc8  1-0

[Event "Atlantis Promotiegroep"]
[Site "Groningen NED"]
[Date "2008.07.01"]
[Round "5"]
[White "Van der Marel,B"]
[Black "Veltman,J"]
[Result "1-0"]
[WhiteElo "2223"]
[BlackElo "2174"]

1.d4 Nf6 2.c4 e6 3.Nf3 b6 4.g3 Ba6 5.b3 Bb7 6.Bg2 Bb4+ 7.Bd2 c5 8.O-O O-O
9.Nc3 cxd4 10.Nxd4 Bxg2 11.Kxg2 Nc6 12.Nc2 Be7 13.Bf4 d5 14.cxd5 exd5 15.e3 h6
16.h4 Qd7 17.Qf3 Qf5 18.Nd4 Nxd4 19.exd4 Bb4 20.Rac1 Rac8 21.g4 Nxg4 22.Nxd5 Ba3
23.b4 Qd7 24.Rce1 Bxb4 25.Nxb4 Rc4 26.Nd5 Rxd4 27.Rd1 Rxd1 28.Rxd1 Qe6 29.Rd2 h5
30.Re2 Qd7 31.Bg3 Rd8 32.Ne7+ Kf8 33.Nf5 Qd1 34.Bd6+  1-0

[Event "Sparkassen Open"]
[Site "Dortmund GER"]
[Date "2008.07.03"]
[Round "6"]
[White "Kuempers,U"]
[Black "Karmann,An"]
[Result "1-0"]
[WhiteElo "2110"]
[BlackElo "1891"]

1.d4 Nf6 2.c4 e6 3.Nf3 b6 4.g3 Ba6 5.b3 Bb4+ 6.Bd2 Be7 7.Bg2 c6 8.Nc3 d5
9.Ne5 Nbd7 10.Nxd7 Nxd7 11.O-O O-O 12.cxd5 cxd5 13.Rc1 Rc8 14.Re1 f5 15.Rc2 Nf6
16.Bg5 Bb4 17.Bxf6 Qxf6 18.Qd2 Bd6 19.a4 h5 20.Rec1 h4 21.Nb5 Rxc2 22.Rxc2 Bxb5
23.axb5 hxg3 24.hxg3 f4 25.gxf4 Bxf4 26.e3 Bb8 27.Rc6 Qh6 28.Qc3 Bh2+ 29.Kf1 Qf6
30.Qd2 Bg3 31.f4 Qf5 32.Qc2 Qxc2 33.Rxc2 g5 34.Bh3 gxf4 35.Bxe6+ Kh8 36.Kg2 Bh4
37.Kh3 Bf6 38.exf4 Bxd4 39.Kg4 Be3 40.f5 d4 41.Kf3 Bh6 42.Rh2 Kg7 43.Ke4 Be3
44.Ke5 d3 45.Rg2+ Kh7 46.f6 d2 47.Bg4 Rd8 48.Bd1 Rf8 49.Rh2+ Kg6 50.Rg2+ Kf7
51.Bh5+  1-0

[Event "XIX ch-Panam U18"]
[Site "Villa Carlos Paz ARG"]
[Date "2008.07.03"]
[Round "6"]
[White "Fernandez,Fe"]
[Black "Diamant,A"]
[Result "0-1"]
[WhiteElo "2231"]
[BlackElo "2407"]

1.d4 Nf6 2.Nf3 e6 3.c4 b6 4.g3 Ba6 5.b3 b5 6.cxb5 Bxb5 7.Bg2 Bc6 8.O-O Be7
9.Bb2 O-O 10.Nbd2 d6 11.Qc2 Bb7 12.Ne1 Bxg2 13.Nxg2 Nbd7 14.e4 c5 15.e5 dxe5
16.dxe5 Nd5 17.Nc4 Qc7 18.Rfe1 N7b6 19.Nge3 Rfd8 20.Rad1 Nb4 21.Qb1 N6d5
22.Nxd5 exd5 23.Ne3 d4 24.Nf5 Bf8 25.a3 Nc6 26.e6 g6 27.Nh4 Re8 28.exf7+ Qxf7
29.Rxe8 Rxe8 30.Qc2 a5 31.Ng2 Rb8 32.Rb1 Rxb3 33.Nf4 Ne5 34.Qe4 Nf3+  0-1

[Event "Sparkassen Open"]
[Site "Dortmund GER"]
[Date "2008.07.05"]
[Round "8"]
[White "Maciag,B"]
[Black "Karmann,An"]
[Result "0-1"]
[WhiteElo "1791"]
[BlackElo "1891"]

1.d4 Nf6 2.c4 e6 3.Nf3 b6 4.g3 Ba6 5.b3 Bb4+ 6.Bd2 Be7 7.Bg2 c6 8.O-O O-O
9.Bc3 d5 10.Nbd2 Nbd7 11.Re1 Rc8 12.Ne5 Nxe5 13.dxe5 Nd7 14.e4 Nc5 15.exd5 cxd5
16.Qg4 Nd3 17.Re3 dxc4 18.bxc4 Bc5 19.Rf3 Nxf2 20.Rxf2 Qd3 21.Qf3 Bxc4 22.Nxc4 Qxc4
23.Bd2 Qd4 24.Rd1 Qxe5 25.Bf4 Bxf2+ 26.Qxf2 Qc5 27.Be3 Qc2 28.Rd2 Qb1+ 29.Bf1 Rfd8
30.Rb2 Qe4 31.h4 Rd1 32.Re2 Qf5 33.Bf4 f6 34.Kh2 Rxf1 35.Qxf1 e5 36.Qe1 exf4
37.Re8+ Kf7 38.Qe7+ Kg6 39.Rxc8 fxg3+ 40.Kxg3 Qxc8 41.Qxa7 Qc3+ 42.Kg2 Qd4
43.Kh3 f5  0-1

[Event "ch-PHI Finals"]
[Site "Mandaluyong PHI"]
[Date "2008.07.07"]
[Round "9"]
[White "Pascua,H"]
[Black "Bitoon,R"]
[Result "0-1"]
[WhiteElo "2174"]
[BlackElo "2439"]

1.d4 Nf6 2.c4 e6 3.Nf3 b6 4.g3 Ba6 5.b3 Bb7 6.Bg2 Bb4+ 7.Bd2 a5 8.O-O O-O
9.Bf4 d5 10.Ne5 a4 11.Nd3 axb3 12.Qxb3 Be7 13.Nc3 Nc6 14.cxd5 exd5 15.Be5 Na5
16.Qc2 Nc4 17.Nf4 c6 18.e4 Na3 19.Qb2 dxe4 20.Nxe4 Nd5 21.Rac1 Ba6 22.Rfe1 Bc4
23.Nd2 b5 24.Nxc4 Nxc4 25.Qb1 Ba3 26.Rc2 Qd7 27.Be4 g6 28.Bg2 Rfe8 29.h4 Rac8
30.Bh3 f5 31.h5 Bf8 32.hxg6 Nxf4 33.gxf4 hxg6 34.Rxc4 bxc4 35.Bf1 Bg7 36.Bxc4+ Kh7
37.Kg2 Bxe5 38.dxe5 Rb8 39.Qa1 Qb7 40.Bb3 c5+ 41.Kg3 Rbd8 42.Rh1+ Kg7 43.e6+ Rd4
44.Re1 Kf6 45.Qc3 Qc7 46.Re5 g5 47.Kg2 Qc6+ 48.Bd5 Qd6 49.Qh3 Rxf4 50.Rxf5+ Rxf5
51.Be4 Qf4 52.Qh6+ Ke5 53.Bxf5 Qxf5 54.Qg7+ Kxe6 55.Qh6+ Kf7 56.Kh1  0-1